Responses for Show #6477 - Tuesday, November 13, 2012

2012-B Teachers Tournament quarterfinal game 5.

Contestants

[<< previous game]

Kate Wilson, a high school AP English teacher from Montgomery, Alabama

Drew Joanides, a high school history teacher from Miami, Florida

Whitney Collins, a third grade teacher from New York, New York

[next game >>]

Jeopardy! Round responses

ROBOTS & CYBORGS
9-LETTER WORDS
A YEAR TO REMEMBER
SMALLER THAN A BREADBOX
20th CENTURY LITERATURE
F.H.
    $200 7
The Terminator

Drew
    $200 24
syllables

Drew
    $200 8
1865

Kate
    $200 6
a hummingbird

Kate
    $200 13
Marilyn Monroe

Whitney
    $200 1
a fire hydrant

Whitney
    $400 9
(Drew: What is Star Trek: The Next Generation?)
(Whitney: What is Star Trek: Deep Space Nine?)

Star Trek: Voyager

WhitneyDrew
Triple Stumper
    $400 25
wholesale

Whitney
    $400 20
1969

Drew
    $400 18
castanets

Whitney
    $400 14
Ulysses

Kate
    $400 2
a flat-head

Kate
    $600 10
Austin Powers

Whitney
    $600 26
upholster

Drew
    $600 21
2011

Kate
    $600 19
Post-Its

Drew
    $600 15
Virginia Woolf

Kate
    $600 3
faith healing

Whitney
    $800 11
Battlestar Galactica

Kate
    $800 27
a yardstick

Drew
    $800 22
(Kate: What is 1973?)

1975

DrewKate
    $800 29
Lance Armstrong

Whitney
    $800 16
(Drew: Who is Philip Roth?)

Raymond Chandler

Drew
Triple Stumper
    $800 4
Felicity Huffman

Triple Stumper
    $1000 12
The Day the Earth Stood Still

Kate
    $1000 28
Zinfandel

Whitney
    $1000 23
(Kate: What is 1776?)

1775

DrewKate
    $1000 30
a pull

Kate
    $1000 17
Metamorphosis

Kate
    $1000 5
a French horn

Whitney

Scores at the first commercial break (after clue 16):

Whitney Drew Kate
$2,200 -$1,000 $3,600

Scores at the end of the Jeopardy! Round:

Whitney Drew Kate
$4,800 $3,400 $4,400

Double Jeopardy! Round responses

NATIVE AMERICANS
NAME THAT BIBLE BOOK
(Alex: In honor of a special 50th anniversary Blu-ray which is now out...)
LAWRENCE OF ARABIA
TEACHER'S PET
ALWAYS WITH THE HAND RAISED
A 4 "O" AVERAGE
(Alex: Each correct response will contain 4 "O"s.)
    $400 24
Alcatraz

Whitney
    $400 7
Matthew

Kate
    $400 19
millimeters

Whitney
    $400 6
a Labrador & a poodle

Kate
    $400 14
the Statue of Liberty

Kate
    $400 1
Yoo-Hoo

Whitney
    $800 26
Geronimo

Drew
    $800 8
Joel

Kate
    $800 20
Omar Sharif

Kate
    $800 12
(Whitney: What is a hamster?)

a gerbil

WhitneyDrew
    $800 15
the sky

Kate
    $800 2
locomotion

Whitney
    $1,400 27
Sacagawea

Drew
    $1200 9
Job

Triple Stumper
    $1200 21
(Whitney: What is the Aswan Dam?)

the Suez Canal

WhitneyKate
    $1200 13
a rabbit

Triple Stumper
    $1200 16
(Kate: What is the... jury...)

the witness stand

DrewKate
    $1200 3
osteoporosis

Whitney
    $1600 28
Red Cloud

Drew
    $2,000 10
(Kate: What is Corinthians I?)
[In giving the correct response, Alex called it "Paul's First Epistle..." but there was only one to the [*].]

(Paul's Epistle to the) Romans

Kate
    $1600 22
(Alec) Guinness

Drew
    $1600 25
a Betta fish

Drew
    $1600 17
Paul Ryan

Whitney
    $1600 4
monotonous

Kate
    $2000 29
the Iroquois Confederacy

Whitney
    $2000 11
Ruth

Kate
    $2000 23
Aqaba

Kate
    $2000 30
ragdolls

Triple Stumper
    $2000 18
charismatic

Drew
    $2000 5
onomatopoeia

Drew

Scores at the end of the Double Jeopardy! Round:

Whitney Drew Kate
$9,600 $16,400 $11,600

Final Jeopardy! Round responses

BORN & DIED
(Alex: And here are the other semifinalists.)
(Colby: Colby Burnett, Fenwick High School.)
(John: John Hines, Todd Beamer High School.)
(Marion: Marion Penning, Roland Park Country School.)
(Brenton: Brenton Montie, Centennial Middle School.)
(Alex: Now, as you all know, ladies and gentlemen, there are four wildcard spots for the high scorers among non-winners, and here they are.)
(Marcia: Marcia Edmundson, Prince George High School.)
(Michael: Michael Farabaugh, Monticello High School.)
(Alex: Oh, and there are two others, and they happen to be on stage with us right now--Whitney Collins and Kate Wilson. Come on over, ladies. Each of you gets to be a semifinalist.)
WhitneyWho was Captain J. Cook?
$2,001
KateWho is Capt. J. Cook?
$7,601
DrewWho is Cook?
$6,801
Captain James Cook

Final scores:

Whitney Drew Kate
$11,601 $23,201 $19,201
3rd place: $5,000 if eliminated Automatic semifinalist 2nd place: $5,000 if eliminated

Game dynamics:

Coryat scores:

Whitney Drew Kate
$9,600 $16,200 $13,600
16 R,
3 W
17 R
(including 2 DDs),
2 W
20 R,
4 W
(including 1 DD)

Combined Coryat: $39,400

[game clues] [game scores] [suggest correction]

Game tape date: 2012-10-01
The J! Archive is created by fans, for fans. Scraping, republication, monetization, and malicious use prohibited; this site may use cookies and collect identifying information. See terms. The Jeopardy! game show and all elements thereof, including but not limited to copyright and trademark thereto, are the property of Jeopardy Productions, Inc. and are protected under law. This website is not affiliated with, sponsored by, or operated by Jeopardy Productions, Inc. Join the discussion at JBoard.tv.